[Event "ROM-ch U08"]
[Site "Calimanesti Caciulata"]
[Date "2016.04.18"]
[Round "1"]
[White "Anghel, Rares Mihai"]
[Black "Chiriac, Radu Bogdan"]
[Result "1-0"]
[WhiteElo "1197"]
[BlackElo "1001"]
[PlyCount "85"]
[EventDate "2016.04.18"]
[EventType "swiss"]
[EventRounds "9"]
[EventCountry "ROU"]
[SourceTitle "CBM 172 Extra"]
[Source "ChessBase"]
[SourceDate "2016.06.21"]
[SourceVersion "1"]
[SourceVersionDate "2016.06.21"]
[SourceQuality "1"]

1. d4 d5 2. c4 e6 3. Nc3 Bb4 4. Qa4+ Nc6 5. e3 Nf6 6. a3 Bd6 7. c5 Be7 8. Nf3 0-0 9. Bd3 Bd7 10. Qc2 b6 11. cxb6 cxb6 12. 0-0 Rc8 13. Qb1 Qc7 14. Qc2 Ng4 15. Bxh7+ Kh8 16. g3 g6 17. Bxg6 fxg6 18. Qxg6 Nf6 19. Qd3 Kg7 20. Ng5 Rg8 21. e4 Kf8 22. e5 Nh5 23. Qf3+ Nf6 24. exf6 Bd6 25. Nb5 Qb7 26. Nxd6 Nxd4 27. Nxb7 Nxf3+ 28. Nxf3 Bc6 29. Bh6+ Kf7 30. Nd6+ Kxf6 31. Nxc8 Rxc8 32. Rac1 d4 33. Nxd4 Kg6 34. Bf4 Kf6 35. Rxc6 Rd8 36. Re1 Rxd4 37. Be5+ Ke7 38. Bxd4 Kd7 39. Rec1 Kd8 40. Rc7 Ke8 41. Bf6 Kf8 42. Rg7 Ke8 43. Rc8# 1-0